3 Most Streamed Songs On Each Kendrick Lamar Album - Statistics

General Stats
  • This quiz has been taken 46 times
  • The average score is 13 of 18
Answer Stats
Album Streams Song % Correct
DAMN. 2.606B HUMBLE.
95%
good kid, m.A.A.d city 1.846B Money Trees
92%
GNX 506M tv off
87%
To Pimp A Butterfly 886M Alright
84%
GNX 821M luther
84%
Mr. Morale & The Big Steppers 527M N95
84%
DAMN. 1.323B DNA.
82%
DAMN. 1.594B LOVE.
82%
GNX 347M squabble up
79%
good kid, m.A.A.d city 900M Swimming Pools (Drank)
76%
Section.80 465M A.D.H.D
74%
good kid, m.A.A.d city 839M Bitch Don't Kill My Vibe
71%
To Pimp A Butterfly 679M King Kunta
66%
To Pimp A Butterfly 243M i
63%
Section.80 154M HiiiPower
55%
Section.80 142M Rigamortus
55%
Mr. Morale & The Big Steppers 396M Die Hard
47%
Mr. Morale & The Big Steppers 334M Rich Spirit
37%
No matching quizzes found
Score Distribution
Percent of People with Each Score
Percentile by Number Answered
Your Score History
You have not taken this quiz